000 00313nam a2200133 i 4500
001 bg
100 1 _aTJALVE, E.
245 0 _aProjektowanie form wyrobów przemysłowych /
_cE. Tjalve.
260 _aWarszawa,
_c1984.
040 _cBPK
041 _apol
942 _cKS
008 s pl f |000 0 pol
999 _c1245
_d1245
856 _uhttp://koha.tu.koszalin.pl/cgi-bin/koha/opac-detail.pl?biblionumber=1245
_yKatalog online BPK